000 00410nam a22001577a 4500
003 OSt
008 260429b |||||||| |||| 00| 0 eng d
082 _a635.93424
_bN37G
100 _aNeeraj
245 _aGenetic Variability and Coorrelation Studies in Gladiolus
260 _aPusa, Samastipur
_bRAU
_c1999
300 _a56P.
502 _bMsc.
_d1999
650 _aVegetable & Floriculture
942 _2ddc
_cT
999 _c50313
_d50313